Illustrated laboratory manual of parasitology. (Record no. 20928)

MARC details
000 -LEADER
fixed length control field 00342nam a2200133Ia 4500
082 ## - DEWEY DECIMAL CLASSIFICATION NUMBER
Classification number 576.8(035)
Item number CAM
100 ## - MAIN ENTRY--AUTHOR NAME
Personal name CABLE, Raymond M
245 #0 - TITLE STATEMENT
Title Illustrated laboratory manual of parasitology.
250 ## - EDITION STATEMENT
Edition statement Ed.4
260 ## - PUBLICATION, DISTRIBUTION, ETC. (IMPRINT)
Place of publication Bombay
Name of publisher Allied6C1963
650 ## - SUBJECT ADDED ENTRY--TOPICAL TERM
Topical Term Parasitology
942 ## - ADDED ENTRY ELEMENTS (KOHA)
Koha item type Books
Holdings
Withdrawn status Lost status Damaged status Not for loan Home library Current library Date acquired Full call number Accession Number Koha item type
        RRII Library RRII Library 16/12/2021 576.8(035) CAM 01650 Books